Cambio de sujeto del IVA.

Enregistré dans:
Détails bibliographiques
Auteur principal: Araya Schnake, Gabriel (autor)
Autres auteurs: Araya Ibáñez, Gonzalo (autor)
Format: Inconnue
Langue:anglais
Publié: Santiago, Chile: Thomson Reuters, 2023
Édition:4ª edición.
Collection:Monografías
Sujets:
Tags: Ajouter un tag
Pas de tags, Soyez le premier à ajouter un tag!

MARC

LEADER 00000 a2200000 4500
003 CL-VaPUC
005 20241121121329.0
008 230921t2023 ||||| |||| 00| 0 eng d
999 |c 441813  |d 441811 
020 |a 978-956-400-376-4 
040 |c Pontificia Universidad Católica de Valparaíso 
082 0 4 |2 21  |a 343.83055 ARA 2023 
100 1 |a Araya Schnake, Gabriel  |e autor  |9 884669 
245 1 0 |a Cambio de sujeto del IVA.  
250 |a 4ª edición.  
260 |a Santiago, Chile:  |b Thomson Reuters,  |c 2023 
300 |a 479 páginas 
490 0 |a Monografías 
583 |k G.C  |c 20230921 
650 1 |a Impuesto al valor agregado  |x Aspectos jurídicos  |z Chile  |9 884697 
650 1 |a Impuesto al valor agregado  |x Legislación chilena  |9 884698 
650 1 0 |a Derecho tributario chileno  |9 485061 
700 |a Araya Ibáñez, Gonzalo  |e autor  |9 875829 
942 |2 ddc  |c BK 
952 |0 0  |1 0  |2 ddc  |4 0  |6 343_830550000000000_ARA_2023  |7 0  |8 A  |9 591606  |a BIBDER  |b BIBDER  |c GEN  |d 2023-09-20  |e 31  |g 0.00  |i 5658725  |l 1  |o 343.83055 ARA 2023  |p 5658725  |r 2023-11-10  |s 2023-11-06  |t 1  |v 0.00  |w 2023-09-20  |y BK  |k DER